Word by Definition #1 - Statistics

General Stats
  • This quiz has been taken 3 times
  • The average score is 2 of 10
Answer Stats
Part of Speech Definition Word % Correct
Adjective Extravagantly bright or showy, typically so as to be tasteless. Gaudy
67%
Verb Lie or crawl abjectly on the ground with one's face downward. Grovel
67%
Noun A severe mental disorder in which thought and emotions are so impaired that contact is lost with external reality. Psychosis
33%
Noun A mixture or blend. Amalgam
0%
Adjective Well meaning and kindly. Benevolent
0%
Verb Understand (a difficult problem or an enigmatic person) after much thought. Fathom
0%
Adjective (of words or the person speaking them) Fluent and voluble but insincere and shallow. Glib
0%
Noun Military weapons, ammunition, equipment, and stores. Munition
0%
Noun A short-handled riding whip with a braided leather lash. Quirt
0%
Adjective Of the nature of, characterized by, or filled with vapor.; Lacking in substance or clarity. Vague. Vaporous
0%
No matching quizzes found
Score Distribution
Percent of People with Each Score
Percentile by Number Answered
Your Score History
You have not taken this quiz